000
00206 a2200097 4500
001
48275
100
_a
Horne A
245
_a
A savage war of peace
260
_a
London
_b
Macmillan
_c
090
_c
31229
_d
31229
942
_a
NUST-CAE
_c
M
_c
23591
999
_c
283348
_d
283348